000 00495nam a2200169 4500
001 144281
003 ES-MaACL
005 20230906201001.0
007 t|
008 070214s1977 sp r ||||1| spa d
100 1 _aSierra i Fabra, Jordi.
_9106274
245 1 0 _aHistoria y poder del `Rock catalá` /
_cJordi Sierra i Fabra.
250 _a1ª. ed.
260 _aBarcelona :
_bMúsica de Nuestro Tiempo,
_c1977.
300 _a178 p., 4 lám. ;
_c20 cm.
852 _aES-MaACL
_jA-6957
_bR.95664
999 _c144281
_d144281